On the large deviations principle in the risk theory

Stručný úvod do teórie tzv. large deviations, ktorá je alternatívou ku centrálnej limitnej vete v prípade veľkých odchýliek od priemerných hodnôt. Je uvedená Chernoffova formula a výsledok je aplikovaný na klasický model rizika a minimalizáciu pravdepodobnosti krachu. Riešenie je vyjadrené s využití...

Ausführliche Beschreibung

Gespeichert in:
Bibliographische Detailangaben
1. Verfasser: Kozubík, Aleš
Format: Buchkapitel
Sprache:Englisch
Schlagworte:
Tags: Tag hinzufügen
Keine Tags, Fügen Sie das erste Tag hinzu!

MARC

LEADER 00000naa$a2200000$$$4500
001 0042109
005 20220511134642.7
041 0 |a eng 
044 |a SK 
245 1 0 |a On the large deviations principle in the risk theory  |c Aleš Kozubík 
520 |a Stručný úvod do teórie tzv. large deviations, ktorá je alternatívou ku centrálnej limitnej vete v prípade veľkých odchýliek od priemerných hodnôt. Je uvedená Chernoffova formula a výsledok je aplikovaný na klasický model rizika a minimalizáciu pravdepodobnosti krachu. Riešenie je vyjadrené s využitím teórie frontov. 
610 2 0 |a riadenie rizík 
610 2 0 |a teórie poistné 
610 2 0 |a metódy aktuárske 
610 2 0 |a matematika poistná 
100 1 |a Kozubík, Aleš